| 000 | 00982cab a22001815a 4500 | ||
|---|---|---|---|
| 001 | L137813 | ||
| 008 | 070501s2007 xxk f g 000 0 eng d | ||
| 035 | _a(Sirsi) u137813 | ||
| 041 | 0 | _aeng | |
| 100 | 1 | _aFerguson, Ian C | |
| 245 | 0 | 0 | _aDon't make it compulsory |
| 490 |
_aJournal of the Law Society of Scotland _v50(6) June 2005, 55(1) |
||
| 520 | _aArgues that the compulsory single survey scheme should not be introduced. Points out that the pilot has been a failure, and they are being introduced in spite of this. This amounts to a dismissal of the cooperation given by property professionals during the pilot scheme. Argues that by adding further costs to the selling of a property they will have a negative effect on market supply. Suggests that purchaser information packs will follow. | ||
| 650 | 2 | 4 | _aSCOTTISH SINGLE SURVEY SCHEME |
| 651 | 4 |
_aScotland _y1999- |
|
| 690 | _aPROPERTY-RESIDENTIAL PROPERTY-ACQUISITION AND DISPOSAL OF RESIDENTIAL PROPERTY | ||
| 942 | _n0 | ||
| 999 |
_c78717 _d78717 |
||